Harry Potter Questionnaire - Statistiques

Statistiques générales
  • Ce quiz a été pris 718 fois
  • Le résultat moyen est 4 sur 6
Statistiques - réponses
Question Réponse % Correct
Lequel de ces personnages est un animagus? Rita skeeter
90%
Patronus de Abelforth Dumbledore? Bouc
83%
Laquelle de ces potions empêche le buveur de parler? Goutte Baillon
79%
Lequel de ces personnages a survécu à la bataille finale? Terry Boot
72%
Dans quelle maison était Cormac McLaggen? Gryffondor
62%
Avec lequel de ces animaux Hagrid n'est-il pas "ami"? Croup
59%
Aucun quiz correspondant
Distribution des résultats
% des personnes avec chaque résultat
Percentile par nombre de réponses
Votre historique - résultats
Vous n’avez pas pris ce quiz